| 000 | 00833cam a2200241 a 4500 | ||
|---|---|---|---|
| 999 |
_c114649 _d114649 |
||
| 001 | 2544388 | ||
| 005 | 20191114112353.0 | ||
| 008 | 950803s1995 nyua b 001 0 eng | ||
| 020 | _a0500278199 | ||
| 040 | _cPK-LaUMT | ||
| 082 | 0 | 0 |
_a712 _220 _bJEL-L |
| 100 | 1 | _aJellicoe, Geoffrey | |
| 245 | 1 | 4 |
_aThe landscape of man : _bshaping the environment from prehistory to the present day / _cGeoffrey and Susan Jellicoe. |
| 250 | _a3rd ed., expanded and updated, Rev. and enl. ed. | ||
| 260 |
_aLondon : _bThames and Hudson, _c1995 |
||
| 300 |
_a408 p. : _bill. ; _c29 cm. |
||
| 650 | 0 |
_aLandscape architecture _xHistory. |
|
| 650 | 0 |
_aNature _xEffect of human beings on _xHistory. |
|
| 650 | 0 |
_aLandscape architecture _xHistory |
|
| 650 | 0 |
_aNature _xEffect of human beings on _xHistory |
|
| 700 | 1 | _aJellicoe, Susan. | |
| 942 | _cBK | ||